Central Library OPAC University of Rajshahi

Integration of technical and vocational education into special education : (Record no. 48166)

MARC details
000 -LEADER
fixed length control field 00894nam a2200277 a 4500
001 - CONTROL NUMBER
control field 48166
003 - CONTROL NUMBER IDENTIFIER
rucl marc code BD-RjUL
005 - DATE AND TIME OF LATEST TRANSACTION
control field 20211209054454.0
008 - FIXED-LENGTH DATA ELEMENTS--GENERAL INFORMATION
fixed length control field 160813s1977 fr af b i000 0 eng
020 ## - INTERNATIONAL STANDARD BOOK NUMBER
International Standard Book Number 9231014382
035 ## - SYSTEM CONTROL NUMBER
System control number (BD-RjUL)48285
040 ## - CATALOGING SOURCE
Original cataloging agency DLC
Transcribing agency DLC
Modifying agency DLC
-- BD-RjUL
Language of cataloging eng
041 ## - LANGUAGE CODE
Language code of text/sound track or separate title eng
082 00 - DEWEY DECIMAL CLASSIFICATION NUMBER
Classification number 371.91
Author mark and year UNI 1977
110 ## - MAIN ENTRY--CORPORATE NAME
Corporate name or jurisdiction name as entry element Unesco.
9 (RLIN) 145946
245 00 - TITLE STATEMENT
Title Integration of technical and vocational education into special education :
Remainder of title Austria, Colombia, Iran, Tunisia /
Statement of responsibility, etc. Unesco.
260 ## - PUBLICATION, DISTRIBUTION, ETC. (IMPRINT)
Place of publication, distribution, etc. Paris :
Name of publisher, distributor, etc. Unesco,
Date of publication, distribution, etc. 1977.
300 ## - PHYSICAL DESCRIPTION
Pagination 220 p., [2] leaves of plates :
Illustrations ill. ;
Size 25 cm.
500 ## - GENERAL NOTE
General note On cover: Special education.
504 ## - BIBLIOGRAPHY, ETC. NOTE
Bibliography, etc Includes bibliographies.
650 #0 - SUBJECT ADDED ENTRY--TOPICAL TERM
Topical term or geographic name as entry element Children with disabilities
General subdivision Education.
9 (RLIN) 145925
Topical term or geographic name as entry element Vocational education.
9 (RLIN) 145926
Topical term or geographic name as entry element Technical education.
9 (RLIN) 145927
942 ## - ADDED ENTRY ELEMENTS (KOHA)
Source of classification or shelving scheme Dewey Decimal Classification
Koha item type Books
Holdings
Lost status Source of classification or shelving scheme Damaged status Not for loan Collection code Permanent Location Current Location Shelving location Date acquired Source of acquisition Total Checkouts Full call number Date last seen Copy number Koha item type
  Dewey Decimal Classification     Non-fiction Central Library, University of Rajshahi Central Library, University of Rajshahi   30/08/1982 Unesco   371.91 UNI 1977 13/08/2016 C-2 Books